000
00288nam a2200121Ia 4500
008
230303s9999 xx 000 0 und d
041
_a
eng
082
_a
621.38 TAU
100
_a
TAUB (Herbert)
245
_a
Principles of Communication Systems
260
_a
N.Delhi
_b
TMH
365
_c
RS
999
_c
182298
_d
182298